Previous Club -- Liverpool Players - Statistics

General Stats
  • This quiz has been taken 45 times
  • The average score is 14 of 22
Answer Stats
Hint Answer % Correct
Florian Wirtz Bayer 04 Leverkusen
97%
Alexander Isak Newcastle United
94%
Federico Chiesa Juventus
89%
Cody Gakpo PSV Eindhoven
89%
Mohamed Salah Roma
89%
Virgil Van Dijk Southampton
89%
Jeremie Frimpong Bayer 04 Leverkusen
86%
Hugo Ekitike Eintracht Frankfurt
86%
Alexis Mac Allister Brighton & Hove Albion
80%
Dominik Szoboszlai RB Leipzig
80%
Alisson Roma
80%
Milos Kerkez Bournemouth
77%
Ryan Gravenberch Bayern Munchen
71%
Ibrahima Konate RB Leipzig
63%
Andrew Robertson Hull City
57%
Giorgi Mamardashvili Valencia
57%
Wataru Endo VFB Stuttgart
51%
Giovanni Leoni Parma
40%
Joe Gomez Charlton Athletic
26%
Freddie Woodman Preston North End
23%
Stefan Bajcetic UD Las Palmas
17%
Rhys Williams Morecambe
6%
No matching quizzes found
Score Distribution
Percent of People with Each Score
Percentile by Number Answered
Your Score History
You have not taken this quiz